Library public relations / (Record no. 24452)

MARC details
000 -LEADER
fixed length control field 03866nam a22004451 4500
005 - DATE AND TIME OF LATEST TRANSACTION
control field 20050808122104.0
008 - FIXED-LENGTH DATA ELEMENTS--GENERAL INFORMATION
fixed length control field 721219s1962 nyu 000 0 eng
010 ## - LCCN (DPL NO)
LC control number ENG-93802
020 ## - INTERNATIONAL STANDARD BOOK NUMBER
International Standard Book Number 9788190659659
Terms of availability 400.00
035 ## - SYSTEM CONTROL NUMBER
System control number EN-77335
035 ## - SYSTEM CONTROL NUMBER
System control number B-341070-082
037 ## - SOURCE OF ACQUISITION
Source of stock number/acquisition DBAD / PUB
037 ## - SOURCE OF ACQUISITION
Source of stock number/acquisition Priyanka Prakashan
040 ## - CATALOGING SOURCE
Original cataloging agency dpl
Language of cataloging English
082 ## - DEWEY DECIMAL CLASSIFICATION NUMBER
Classification number 021.7
100 ## - MAIN ENTRY--PERSONAL NAME
Personal name Mangani Parsad Singh
245 ## - TITLE STATEMENT
Title Library public relations /
Statement of responsibility, etc by Mangani Parsad Singh
260 ## - PUBLICATION, DISTRIBUTION, ETC. (IMPRINT)
Place of publication, distribution, etc New Delhi
Name of publisher, distributor, etc Priyanka Prakashan
Date of publication, distribution, etc 2008
270 ## - ADDRESS
Address L-20/13, Gali No.5, Shivaji Marg, Kartar Nagar,
City Delhi
Postal code 110053
300 ## - PHYSICAL DESCRIPTION
Extent viii, 280 p.
Dimensions 23cm. (Hb)
500 ## - GENERAL NOTE
General note includes glossary, bibliographical references & index
650 ## - SUBJECT ADDED ENTRY--TOPICAL TERM
Topical term or geographic name as entry element Libraries
General subdivision Public relations
650 ## - SUBJECT ADDED ENTRY--TOPICAL TERM
Topical term or geographic name as entry element Libraries and community
942 ## - ADDED ENTRY ELEMENTS (KOHA)
Item type English Books
Classification part 021.7
Call number suffix MAN
Source of classification or shelving scheme Dewey Decimal Classification
Holdings
Withdrawn status Lost status Source of classification or shelving scheme Damaged status Not for loan Collection code Home library Current library Date acquired Source of acquisition Cost, normal purchase price Total Checkouts Full call number Barcode Date last seen Copy number Cost, replacement price Koha item type
    Dewey Decimal Classification     Non-fiction Andrews Gunj Andrews Gunj 03/11/2009 Priyanka Prakashan/29/11.6.09/60/5.6.09/17.6.09 400.00   021.7 MAN B-341076 03/11/2009 1 400.00 English Books
    Dewey Decimal Classification     Non-fiction Bawana Bawana 03/11/2009 Priyanka Prakashan/29/11.6.09/60/5.6.09/17.6.09 400.00 1 021.7 MAN B-341081 16/02/2022 1 400.00 English Books
    Dewey Decimal Classification     Non-fiction Central Library Central Library 26/02/2009 Priyanka Prakashan/29/11.6.09/60/5.6.09/17.6.09 400.00 2 021.7 SIN B-341070 26/11/2018 1 400.00 English Books
    Dewey Decimal Classification   Not For Loan Non-fiction D.B.Act.Division D.B.Act.Division 01/06/2009 DBAD / PUB 400.00   021.7 MAN EN-77335 01/06/2009 1 400.00 English Books
    Dewey Decimal Classification     Non-fiction Janak Puri Janak Puri 03/11/2009 Priyanka Prakashan/29/11.6.09/60/5.6.09/17.6.09 400.00   021.7 MAN B-341073 03/11/2009 1 400.00 English Books
    Dewey Decimal Classification     Non-fiction Karol Bagh Karol Bagh 03/11/2009 Priyanka Prakashan/29/11.6.09/60/5.6.09/17.6.09 400.00   021.7 MAN B-341079 03/11/2009 1 400.00 English Books
    Dewey Decimal Classification     Non-fiction Narela Narela 03/11/2009 Priyanka Prakashan/29/11.6.09/60/5.6.09/17.6.09 400.00   021.7 MAN B-341080 03/11/2009 1 400.00 English Books
    Dewey Decimal Classification     Non-fiction Patel Nagar Patel Nagar 03/11/2009 Priyanka Prakashan/29/11.6.09/60/5.6.09/17.6.09 400.00   021.7 MAN B-341071 03/11/2009 1 400.00 English Books
    Dewey Decimal Classification     Non-fiction Peshwa Road Peshwa Road 03/11/2009 Priyanka Prakashan/29/11.6.09/60/5.6.09/17.6.09 400.00   021.7 MAN B-341072 03/11/2009 1 400.00 English Books
    Dewey Decimal Classification     Non-fiction R.K.Puram-8 R.K.Puram-8 03/11/2009 Priyanka Prakashan/29/11.6.09/60/5.6.09/17.6.09 400.00   021.7 MAN B-341075 03/11/2009 1 400.00 English Books
    Dewey Decimal Classification     Non-fiction Sarojini Nagar Sarojini Nagar 03/11/2009 Priyanka Prakashan/29/11.6.09/60/5.6.09/17.6.09 400.00 1 021.7 MAN B-341074 17/02/2021 1 400.00 English Books
    Dewey Decimal Classification     Non-fiction Shahdara Branch Shahdara Branch 03/11/2009 Priyanka Prakashan/29/11.6.09/60/5.6.09/17.6.09 400.00   021.7 MAN B-341082 03/11/2009 1 400.00 English Books
  Written-off vide DLB M. No. 383 dt 16.05.19 Dewey Decimal Classification     Non-fiction Sriniwas Puri Sriniwas Puri 03/11/2009 Priyanka Prakashan/29/11.6.09/60/5.6.09/17.6.09 400.00   021.7 MAN B-341077 03/11/2009 1 400.00 English Books
    Dewey Decimal Classification     Non-fiction Vinoba Puri Vinoba Puri 03/11/2009 Priyanka Prakashan/29/11.6.09/60/5.6.09/17.6.09 400.00   021.7 MAN B-341078 03/11/2009 1 400.00 English Books

© Delhi Public Library
Hit Counter
free hit counter